000 00601nam a2200217Ia 4500
003 OSt
005 20220926044204.0
006 a|||||r|||| 00| 0
007 ta
008 220923b |||||||| |||| 00| 0 eng d
037 _cGeneral Book
040 _aRTL
_cRTL
_beng
041 _2eng
_aeng
082 _aD6,9(B)ObSigma, K7
100 _aHargreaves John
245 0 _aComputers and the changing world
_b A theme for the
260 _c1967
650 _aComputer Sicence
_9244850
942 _hD6,9(B)ObSigma, K7
_cGB
_2CC
999 _c674176
_d674176